Dictionary of verbs / (Record no. 84968)

MARC details
000 -LEADER
fixed length control field 00508nam a22001817a 4500
005 - DATE AND TIME OF LATEST TRANSACTION
control field 20140630123315.0
010 ## - LCCN (DPL NO)
LC control number ENG-110174
020 ## - INTERNATIONAL STANDARD BOOK NUMBER
International Standard Book Number 9789350484845
Terms of availability 300.00
035 ## - SYSTEM CONTROL NUMBER
System control number EN-93706
037 ## - SOURCE OF ACQUISITION
Source of stock number/acquisition DBAD/PUB
082 ## - DEWEY DECIMAL CLASSIFICATION NUMBER
Classification number 488.203
100 ## - MAIN ENTRY--PERSONAL NAME
Personal name Vaishnav, Harmik
245 ## - TITLE STATEMENT
Title Dictionary of verbs /
Statement of responsibility, etc by Harmik Vaishnav
260 ## - PUBLICATION, DISTRIBUTION, ETC. (IMPRINT)
Place of publication, distribution, etc New Delhi
Name of publisher, distributor, etc Prabhat Books
Date of publication, distribution, etc 2013
270 ## - ADDRESS
Address 4/19 Asaf Ali Road
City New Delhi
Postal code 110002
300 ## - PHYSICAL DESCRIPTION
Extent 254p.
Dimensions 22cm(Hb)
942 ## - ADDED ENTRY ELEMENTS (KOHA)
Source of classification or shelving scheme Dewey Decimal Classification
Item type English Books
Call number suffix VAI
Classification part 488.203
Holdings
Withdrawn status Lost status Not for loan Collection code Home library Current library Date acquired Source of acquisition Cost, normal purchase price Full call number Barcode Copy number Cost, replacement price Koha item type
    Not For Loan Non-fiction D.B.Act.Division D.B.Act.Division 09/06/2014 ENG-110174 300.00 488.203 VAI EN-93706 1 300.00 English Books

© Delhi Public Library
Hit Counter
free hit counter